| 000 | 00862nam a2200265 i 4500 | ||
|---|---|---|---|
| 001 | 74527 | ||
| 003 | BD-RjUL | ||
| 005 | 20211209082551.0 | ||
| 008 | 000317s1960 ii 000 0 eng d | ||
| 035 | _a(CStRLIN)PAUGV2880047-B | ||
| 035 | _aBD-RjUL | ||
| 040 |
_cUPvMLC _aBD-RjUL _beng |
||
| 041 | 1 |
_aeng _hfre |
|
| 082 |
_a572.9545 _bPRA 1960 |
||
| 100 | 1 |
_aPrzyluski, Jean, _d1885- _9223812 |
|
| 245 | 1 | 0 |
_aAncient peoples of the Punjab : _bthe Udumbaras and the Salvas / _cJ. Przyluski ; translated from the French by Chitrabbanu Sen. |
| 260 |
_aCalcutta : _bR.K. Maitra, _c1960. |
||
| 300 |
_a62 p. : _bill. ; _c32 cm. |
||
| 500 | _a"Reprint: Indian studies, past & present." | ||
| 504 | _aBibliographical footnotes. | ||
| 650 |
_aAudumbara (Indic people) _9223813 |
||
| 650 |
_aEthnology _9223814 |
||
| 651 |
_aIndia _zPunjab _9223815 |
||
| 942 |
_2ddc _cBK |
||
| 999 |
_c74527 _d74527 |
||